000 00547nam a2200205Ia 4500
001 6281
008 170324s 194 ii a g b000 u 465 u
082 _a537.5
100 _aPage, Leigh .
245 0 _aElectrodynamics /
_cLeigh Page & N. I. Adams.
_hTextual Documents
250 _a1st ed. /
260 _aNew York :
_bDover Publications Inc. ,
_cC 1940.
300 _av, 505p. :
_bill. ;
_c22cm .
504 _aIndex
653 _aPhysics
653 _aElectrodynamics
653 _aPG-Physics
700 _aAdams, N. I. .
942 _2ddc
_cBK
999 _c6268
_d6268